| 000 | 00647nam a2200193Ia 4500 | ||
|---|---|---|---|
| 001 | 22596 | ||
| 003 | GE_BSU | ||
| 008 | 181216s||||||||xx |||||||||||||| ||und|| | ||
| 040 | _cGE_BSU | ||
| 245 | _aТеоретическая и математическая физика Том 195 №4 Апрель 2018 | ||
| 245 | _cГл.ред.А.А.Славнов | ||
| 260 | _aМосква | ||
| 260 | _c2018 | ||
| 300 | _a168 стр. 24см. | ||
| 653 | _aПериодика | ||
| 653 | _aТеоретическая и математическая физика Том 195 №4 Апрель 2018 | ||
| 653 | _aპერიოდიკა | ||
| 942 | _cCR | ||
| 999 |
_c55514 _d55514 |
||